Páginas de un estadista : Y estudios de Vélez Sársfield, Mitre y Avellaneda sobre el autor /
Guardado en:
| Autor Principal: | |
|---|---|
| Formato: | Libro |
| Idioma: | Undetermined |
| Publicado: |
Buenos Aires :
Elevación,
1945.
|
| Materias: | |
| Etiquetas: |
Agregar Etiqueta
Sin Etiquetas, Sea el primero en etiquetar este registro!
|
| LEADER | 00593nam a22001695a 4500 | ||
|---|---|---|---|
| 001 | EHU.bham045985 | ||
| 005 | 20111229105625.0 | ||
| 008 | 110407s1945####ag############000#0#und#d | ||
| 100 | 1 | |a Rivadavia, Bernardino. | |
| 245 | 0 | 0 | |a Páginas de un estadista : |b Y estudios de Vélez Sársfield, Mitre y Avellaneda sobre el autor / |c Bernardino Rivadavia. |
| 260 | |a Buenos Aires : |b Elevación, |c 1945. | ||
| 300 | |a 245 p. | ||
| 600 | 1 | 7 | |a Bernardino Rivadavia. |
| 653 | |a Política | ||
| 653 | |a Cartas | ||
| 653 | |a Colección Lejarraga | ||
| 859 | |a AR-BHAM |b BIB. HUMANIDADES - Donacion Lejarraga |h MFN000204 |p 000204.19 | ||
